DIX German property index (Record no. 105495)
[ view plain ]
| 000 -LEADER | |
|---|---|
| fixed length control field | 01031cam a2200229 4500 |
| 001 - CONTROL NUMBER | |
| control field | ##L133882 |
| 008 - FIXED-LENGTH DATA ELEMENTS--GENERAL INFORMATION | |
| fixed length control field | 060615n2006 000 0 eng u |
| 035 ## - SYSTEM CONTROL NUMBER | |
| System control number | (Sirsi) u133882 |
| 041 1# - LANGUAGE CODE | |
| Language code of text/sound track or separate title | ger |
| -- | eng |
| 110 2# - MAIN ENTRY--CORPORATE NAME | |
| Corporate name or jurisdiction name as entry element | Investment Property Databank |
| 9 (RLIN) | 2288 |
| 245 00 - TITLE STATEMENT | |
| Title | DIX German property index |
| 260 ## - PUBLICATION, DISTRIBUTION, ETC. | |
| Place of publication, distribution, etc. | London |
| Name of publisher, distributor, etc. | IPD |
| Date of publication, distribution, etc. | 2006 |
| 490 #0 - SERIES STATEMENT | |
| Series statement | DIX German Property Index |
| 520 ## - SUMMARY, ETC. | |
| Summary, etc. | Measures unleveraged returns on direct investments held through the year. Includes figures for total return, income return, capital growth, rental growth, rental value growth, and gross initial yield for all property, retail, office, residential, and mixed retail/office for 2001 to 2005. Tables. |
| 590 ## - LOCAL NOTE (RLIN) | |
| Local note | IKA200606 |
| 650 24 - SUBJECT ADDED ENTRY--TOPICAL TERM | |
| Topical term or geographic name entry element | DIX GERMAN PROPERTY INDEX |
| 651 #4 - SUBJECT ADDED ENTRY--GEOGRAPHIC NAME | |
| Geographic name | GERMANY |
| 690 ## - LOCAL SUBJECT ADDED ENTRY--TOPICAL TERM (OCLC, RLIN) | |
| Topical term or geographic name as entry element | PROPERTY-PROPERTY FINANCE AND INVESTMENT-PROPERTY INVESTMENT PERFORMANCE MEASUREMENT |
| 710 2# - ADDED ENTRY--CORPORATE NAME | |
| Corporate name or jurisdiction name as entry element | Deutsche Immobilien Datenbank |
| 9 (RLIN) | 4957 |
| 856 40 - ELECTRONIC LOCATION AND ACCESS | |
| Uniform Resource Identifier | <a href="https://www.ipdglobal.com/">https://www.ipdglobal.com/</a> |
| Public note | View the item free of charge at www.ipdglobal.com... |
| 942 ## - ADDED ENTRY ELEMENTS (KOHA) | |
| Suppress in OPAC | 0 |
| Withdrawn status | Lost status | Source of classification or shelving scheme | Damaged status | Not for loan | Home library | Current library | Shelving location | Date acquired | Total Checkouts | Full call number | Barcode | Date last seen | Copy number | Price effective from | Koha item type |
|---|---|---|---|---|---|---|---|---|---|---|---|---|---|---|---|
| Dewey Decimal Classification | Virtual | Virtual | Online | 15/06/2006 | ONLINE PUBLICATION | 133882-1001 | 06/08/2019 | 1 | 06/08/2019 | Book |